Estadísticas para ¿Qué Capital Europea?

Haz click aquí para intentar la prueba.

Estadísticas generales

  • Esta prueba ha sido intentada 2.346 veces
  • La puntuación promedio es 12 de 20

Estadísticas de respuestas

PistaCiudad% Correcto
Según la leyenda, fue fundada por Rómulo en el año 753 a.C.Roma
99%
Tiene sólo cuatro letras en su nombre, dos de las cuales son OOslo
91%
Donde murió Mozart a los 35 añosViena
89%
Los seis aeropuertos que dan servicio a esta ciudad forman el sistema aeroportuario más transitado del mundo.Londres
84%
Hogar del club de fútbol más exitoso de EuropaMadrid
82%
Pericles una vez dirigió esta ciudadAtenas
75%
Tiene estatuas famosas de un átomo y un niño orinando.Bruselas
68%
Antes de la Segunda Guerra Mundial, era el hogar de la segunda población
judía más grande del mundo, sólo detrás de la ciudad de Nueva York
Varsovia
68%
Llamada la "Venecia del Norte", tiene alrededor de 90 islas y 1200 puentes.Ámsterdam
66%
Un "teléfono rojo" conecta esta ciudad con Washington D.C.Moscú
66%
Los turistas suelen fotografiar sus tranvías amarillos.Lisboa
63%
La última capital de Europa alfabéticamenteZagreb
62%
En el siglo XVIII, los cementerios de esta ciudad fueron vaciados – con 6 millones de
esqueletos depositados en las catacumbas
París
60%
Cuatro de los cinco premios Nobel se entregan aquí cada año.Estocolmo
54%
Fundada por Vlad el Empalador en 1459Bucarest
50%
Fue sede de los Juegos Olímpicos de Invierno de 1984. Unos años más tarde, era una zona de guerra.Sarajevo
36%
En 1971, los hippies se apoderaron de parte de la ciudad y fundaron una
sociedad semi anarquista llamada "Freetown Christiania"
Copenhague
33%
También conocido como Baile Átha Cliath.Dublin
33%
Un tipo de donut de gelatina lleva el nombre de esta ciudad.Berlín
29%
Ha visto tres defenestraciones notables.Praga
28%

Distribución de puntuación

Porcentaje por número respondido

Porcentaje de gente con cada puntuación

Historial de tus puntuaciones

No has intentado esta prueba.